|
|
|
|
| LEADER |
00905nam a2200241 a 4500 |
| 001 |
2406886 |
| 008 |
090716r19871991nyu b 001 0 eng d |
| 010 |
|
|
|a 86029891
|
| 020 |
|
|
|a 8170965705
|
| 040 |
|
|
|a DLC
|c DLC
|d DLC
|
| 082 |
0 |
0 |
|a 821/.4
|2 19
|
| 245 |
0 |
0 |
|a Paradise lost notes /
|c Flannagan,C.
|
| 260 |
|
|
|a New York;
|a New Delhi:
|b Chelsea House Publishers;
|b Kalyani Publishers,
|c 1987[reprinted 1991].
|
| 300 |
|
|
|a 83 p. ;
|c 20 cm.
|
| 490 |
1 |
|
|a Modern critical interpretations
|
| 541 |
1 |
|
|e 00014254
|
| 600 |
1 |
0 |
|a Milton, John,
|d 1608-1674.
|t Paradise lost.
|
| 650 |
|
0 |
|a Fall of man in literature.
|
| 710 |
1 |
|
|a Milton Quarterly Ohio University.
|
| 852 |
4 |
|
|a Ayesha Abed Library
|j General Shelf.
|
| 942 |
0 |
0 |
|0 1
|
| 999 |
|
|
|c 2620
|d 2620
|
| 952 |
|
|
|0 0
|1 0
|2 ddc
|4 1
|6 821_000000000000000__4_PAR
|7 0
|9 2385
|a BRACUL
|b BRACUL
|c SPS
|d 2009-07-21
|g 20.00
|l 3
|m 1
|o 821.4 PAR
|p 3010014254
|r 2018-02-27
|s 2018-02-13
|t 1
|w 2009-07-21
|y BK
|